000 00688nam a2200217Ia 4500
005 20220207172733.0
008 210716s2019 xx 000 0 und d
020 _a9789352806966
040 _cAIMIT LIBRARY
041 _aeng
082 _a657.6
_21
_bBATJ
100 _aBatra, Jai Kumar.
_917382
245 _aAccounting and finance for non-finance managers /
_cBy Jai Kumar Batra.
250 _a1st ed.
260 _aNew Delhi :
_bSage Publications ,
_c2019.
300 _axl,1062,I-15p. ;
_c24 cm.
650 _aAccounting and Finance.
_917383
650 _aCost and Management Accounting.
_917429
650 _aFinancial Management.
_917430
942 _2ddc
_cBK
_e1st
_k657.6 BATJ
999 _c211238
_d211238